| 000 | 01134nam a22003017i 4500 | ||
|---|---|---|---|
| 003 | EG-GICUC | ||
| 005 | 20260302123344.0 | ||
| 008 | 260209s2004 ua |||fr|||| 00| 0 ara d | ||
| 040 |
_a EG-GICUC _bara _c EG-GICUC _d EG-GICUC _erda |
||
| 041 | _aara | ||
| 082 | 0 | 4 |
_221 _a341.762 _bر ي . د |
| 092 | 0 | 4 | _221 |
| 099 | _aLaw1 11 341.762 ر ي . د 2004 | ||
| 100 | 0 |
_aرياض صالح أبو العطا _eمؤلف. |
|
| 245 | 1 | 0 |
_aدور القانون الدولي العام في مجال حماية البيئة/ _cتأليف دكتور رياض صالح أبو العطا. |
| 264 | 1 |
_aالقاهرة : _bدار النهضة العربية ، _c2004. |
|
| 300 |
_a208 صفحة؛ _c24 سم |
||
| 336 |
_2rda content _atext |
||
| 337 |
_2rda media _aComputer |
||
| 338 |
_2rda carrier _aOnline Resource |
||
| 504 | _aيشتمل على إرجاعات ببيلوجرافية . | ||
| 546 | _aالنص باللغة العربية | ||
| 650 | 1 | 4 |
_aالقانون الدولي العام _2qrmak |
| 651 | 1 | _2qrmak | |
| 856 | 4 | 0 | _uhttps://fll.law.cu.edu.eg/fulltext/bks/ B11-07034.pdf |
| 905 | _a56 | ||
| 942 |
_2ddc _cBK _e21 _n0 |
||
| 999 |
_c61830 _d61830 |
||